00962cam a2200253 a 450000100060000000300080000600500170001400800410003103500190007204000350009104100080012608200230013410000340015724500620019126000330025330000260028650400510031260000560036365000590041983000570047894200120053599900170054795201440056424402BD-RjUL20211209001039.0140313s1956 enk b 001 0beng d a(BD-RjUL)24468 aBD-RjULbengcBD-RjULdBD-RjUL aeng a942.073bBRC 19561 aBrooke, John,d1920- .97513014aThe Chatham administration, 1766-1768 /cby John Brooke. aLondon :bMacmillan,c1956. axiv, 400 p. ;c23 cm. aIncludes bibliographical references and index.10aPitt, William,cEarl of Chatham,d1708-1778.975131 aGreat Britain Politics and government 1760-1820967536 0aEngland in the age of the American Revolution975132 2ddccBK c24402d24402 00102ddc40728NFICaRUCLbRUCLcReadingd1963-11-07eZeitlingerg36.00l0o942.073 BRC 1956r2014-03-13 00:00:00tC-1w2014-03-13yBK